USA Top 500 Boy Names 2023 - Statistics

General Stats
  • This quiz has been taken 399 times
  • The average score is 206 of 500
Answer Stats
Hint Answer % Correct
J John
90%
A Andre
89%
A Alex
88%
J Jack
87%
A Andrew
86%
A Aaron
85%
D Daniel
85%
P Peter
85%
C Charles
84%
D David
83%
J James
83%
M Michael
83%
T Thomas
83%
A Anthony
82%
B Benjamin
82%
J Jose
82%
W William
81%
A Adam
80%
A Alexander
80%
E Edward
80%
J Jesus
80%
L Leo
80%
L Luca
80%
L Lucca
80%
M Matthew
80%
R Robert
80%
S Samuel
80%
H Henry
79%
O Oliver
79%
E Eli
78%
G George
78%
L Lucas
78%
L Lukas
78%
P Paul
78%
S Stephen
78%
F Frank
77%
R Richard
77%
C Christopher
76%
J Joseph
76%
N Nicholas
76%
N Nicolas
76%
J Jackson
75%
J Jaxon
75%
J Jaxson
75%
L Leon
75%
S Steven
75%
J Johnathan
74%
J Jonathan
74%
L Luke
74%
N Nathan
74%
B Bo
73%
C Charlie
73%
D Dean
73%
E Eric
73%
E Erick
73%
E Erik
73%
S Sean
73%
V Victor
73%
Z Zachary
73%
B Brandon
71%
J Jason
71%
L Luis
71%
N Noah
71%
G Gabriel
70%
I Isaac
70%
K Kevin
70%
L Liam
70%
R Ryan
70%
T Timothy
70%
J Jacob
69%
J Joshua
69%
K Kyle
69%
A Abraham
68%
A Adan
68%
A Aidan
68%
A Aiden
68%
A Alijah
68%
A Ayden
68%
E Elijah
68%
I Ibrahim
68%
M Marcos
68%
M Marcus
68%
M Mark
68%
E Evan
67%
T Theo
67%
T Tyler
67%
C Christian
65%
C Cristian
65%
J Jay
65%
J Jeremy
65%
P Patrick
65%
X Xavier
65%
A Arthur
64%
I Ian
64%
J Justin
64%
A Adrian
63%
J Jordan
63%
L Leonardo
63%
M Max
63%
C Carlos
62%
E Eithan
62%
E Ethan
62%
A Antonio
61%
C Cameron
61%
H Harrison
61%
I Ivan
61%
K Kameron
61%
M Mason
61%
O Owen
61%
P Philip
61%
S Simon
61%
T Theodore
61%
A Alan
60%
J Jaden
59%
J Jayden
59%
M Martin
59%
O Oscar
59%
C Carter
58%
C Colin
58%
C Collin
58%
D Dylan
58%
F Finn
58%
J Julian
58%
K Karter
58%
L Logan
58%
L Louis
58%
Q Quinn
58%
V Vincent
58%
A Abel
57%
B Brian
57%
K Kai
57%
B Bradley
56%
C Cole
56%
H Hunter
56%
J Johnny
56%
M Mateo
56%
M Matteo
56%
P Parker
56%
A Austin
55%
N Nathaniel
55%
S Sebastian
55%
A Alejandro
54%
C Caleb
54%
G Grayson
54%
G Greyson
54%
J Jake
54%
K Kaleb
54%
L Levi
54%
M Muhammad
54%
W Walter
54%
C Chase
53%
C Cody
53%
K Kenneth
53%
E Elliot
52%
E Elliott
52%
F Francis
52%
A August
51%
C Caden
51%
C Caiden
51%
C Cayden
51%
C Connor
51%
J Jeremiah
51%
K Kaden
51%
K Kaiden
51%
K Karson
51%
K Kayden
51%
R Riley
51%
C Carson
50%
J Joel
50%
J Jude
50%
L Landon
50%
M Miles
50%
M Myles
50%
A Ali
49%
A Andy
49%
A Asher
49%
A Ashton
49%
B Bryan
49%
D Damian
49%
D Damien
49%
D Dominic
49%
J Jax
49%
J Juan
49%
N Nico
49%
R Raymond
49%
Z Zane
49%
Z Zayn
49%
Z Zayne
49%
A Archie
48%
D Derek
47%
E Elias
47%
G Gavin
47%
J Jonah
47%
B Bryce
46%
C Calvin
46%
E Ezra
46%
H Hugo
46%
J Jeffrey
46%
W Warren
46%
A Ari
45%
A Axel
45%
B Blake
45%
C Colt
45%
F Felix
45%
L Lewis
45%
X Xander
45%
Z Zander
45%
A Avery
44%
G Grant
44%
I Isaiah
44%
O Omar
44%
W Wesley
44%
B Beau
43%
B Brady
43%
B Brody
43%
F Franklin
43%
L Lincoln
43%
M Milo
43%
C Cooper
42%
E Eduardo
42%
G Graham
42%
H Harvey
42%
J Jesse
42%
M Mario
42%
M Maxwell
42%
N Noel
42%
N Nolan
42%
R Roman
42%
R Rowan
42%
R Rowen
42%
K King
41%
M Miguel
41%
A Angel
40%
P Pedro
40%
T Travis
40%
C Clark
39%
C Colton
39%
D Damon
39%
G Giovanni
39%
J Jared
39%
M Maverick
39%
M Micah
39%
R Rafael
39%
R Raphael
39%
R Ricardo
39%
R River
39%
W Wyatt
39%
B Brayden
38%
J Jasper
38%
M Manuel
38%
W Weston
38%
B Bennett
37%
D Diego
37%
E Emanuel
37%
E Emmanuel
37%
F Finley
37%
G Garrett
37%
H Hayden
37%
J Javier
37%
R Ruben
37%
S Silas
37%
S Solomon
37%
S Spencer
37%
S Sylas
37%
T Tyson
37%
C Cade
36%
C Callum
36%
J Jameson
36%
J Josiah
36%
J Julius
36%
K Kade
36%
T Tristan
36%
A Angelo
35%
A Arlo
35%
B Bryson
35%
E Edwin
35%
E Everett
35%
E Ezekiel
35%
F Fernando
35%
H Hudson
35%
M Marco
35%
M Marshall
35%
O Otto
35%
P Preston
35%
R Rory
35%
R Ryder
35%
S Sawyer
35%
T Tobias
35%
A Alexis
34%
A Andres
34%
C Clayton
34%
E Emmett
34%
P Prince
34%
R Ronan
34%
R Ronin
34%
Z Zion
34%
A Ace
33%
E Edgar
33%
E Ezequiel
33%
W Walker
33%
A Amir
32%
A Anderson
32%
D Declan
32%
D Devin
32%
E Easton
32%
E Ellis
32%
E Emilio
32%
I Israel
32%
K Killian
32%
K Kingston
32%
M Maximus
32%
R Reece
32%
R Rhys
32%
R Russell
32%
T Tanner
32%
T Troy
32%
A Archer
31%
A Augustus
31%
F Forrest
31%
F Francisco
31%
J Judah
31%
M Maddox
31%
S Santiago
31%
B Brooks
30%
C Camden
30%
D Dawson
30%
E Emerson
30%
F Fabian
30%
H Hector
30%
J Jace
30%
L Leonel
30%
L Lionel
30%
T Tate
30%
T Tucker
30%
A Atticus
29%
D Dallas
29%
E Eden
29%
E Enzo
29%
K Kash
29%
K Kylian
29%
M Malcolm
29%
P Pablo
29%
C Callen
28%
H Hank
28%
M Matthias
28%
O Orion
28%
B Braxton
27%
C Chance
27%
G Gael
27%
L Lennox
27%
L Lorenzo
27%
L Luka
27%
O Oakley
27%
R Romeo
27%
W Winston
27%
A Adonis
26%
A Atlas
26%
B Barrett
26%
B Bodie
26%
K Kyler
26%
P Phoenix
26%
W Wade
26%
B Bodhi
25%
C Casey
25%
C Cash
25%
C Cohen
25%
D Dante
25%
H Hendrix
25%
J Jett
25%
J Jorge
25%
K Kane
25%
K Kieran
25%
K Kobe
25%
L Lane
25%
M Malachi
25%
M Malakai
25%
P Paxton
25%
R Reed
25%
W Waylon
25%
B Beckham
24%
D Donovan
24%
G Griffin
24%
I Ismael
24%
J Jensen
24%
K Kohen
24%
M Mathias
24%
B Beckett
23%
K Kendrick
23%
N Niko
23%
R Remington
23%
R Remy
23%
C Callan
22%
D Dakota
22%
H Holden
22%
B Bentley
21%
E Emiliano
21%
G Grady
21%
L Lucian
21%
O Odin
21%
R Rylan
21%
S Sullivan
21%
T Thiago
21%
A Amari
20%
A Armani
20%
C Cruz
20%
C Cyrus
20%
D Desmond
20%
F Finnegan
20%
H Hayes
20%
J Jaylen
20%
L Lawson
20%
R Rhett
20%
Z Zayden
20%
E Esteban
19%
J Joaquin
19%
R Ryker
19%
T Tatum
19%
B Baker
18%
C Corbin
18%
J Josue
18%
K Kian
18%
C Crew
17%
G Gideon
17%
M Maximiliano
17%
N Nash
17%
R Rodrigo
17%
T Titus
17%
A Adriel
16%
D Daxton
16%
I Iker
16%
J Jayce
16%
K Kyrie
16%
M Milan
16%
N Nehemiah
16%
S Sage
16%
S Sonny
16%
A Apollo
15%
B Brantley
15%
C Cesar
15%
E Elian
15%
G Gunner
15%
K Kayson
15%
K Knox
15%
K Kylo
15%
L Legend
15%
M Malik
15%
M Messiah
15%
R Reid
15%
S Sergio
15%
C Colter
14%
G Gianni
14%
J Jalen
13%
R Royal
13%
S Sterling
13%
Y Yusuf
13%
O Onyx
12%
S Shiloh
12%
W Wells
12%
B Banks
11%
K Kyson
11%
M Matias
11%
C Cairo
10%
C Colson
10%
K Kairo
10%
R Royce
10%
U Uriel
10%
A Ares
9%
K Khalil
9%
S Saint
9%
S Stetson
9%
W Wilder
9%
A Aziel
8%
B Bowen
8%
K Koa
8%
K Koda
8%
L Luciano
8%
R Raiden
8%
S Santino
8%
S Shepherd
8%
B Briggs
7%
C Camilo
7%
T Tripp
7%
Z Zaire
7%
Z Zyaire
7%
B Baylor
6%
C Callahan
6%
D Dariel
6%
I Isaias
6%
K Kamari
6%
K Kashton
6%
L Leonidas
6%
M Memphis
6%
S Sutton
6%
J Jaziel
5%
N Nasir
5%
M Moshe
4%
K Kayce
3%
T Tadeo
3%
A Atreus
1%
M Makai
0%
No matching quizzes found
Score Distribution
Percent of People with Each Score
Percentile by Number Answered
Your Score History
You have not taken this quiz